| 000 | 00481nam a2200181Ia 4500 | ||
|---|---|---|---|
| 005 | 20250508150653.0 | ||
| 008 | 008 250505s9999 xx 000 0 eng d | ||
| 037 | _aTextual | ||
| 040 |
_aFEDL _beng _cFEDL |
||
| 041 |
_aeng _2eng |
||
| 084 |
_a371.54, ALL _qFEDL |
||
| 100 | _aAllen Arthur B | ||
| 245 | 0 | _aPsychology of punishment : The new school discipline | |
| 260 | _c1943 | ||
| 300 | _a146p. | ||
| 942 |
_cTEXL _h371.54, ALL |
||
| 999 |
_c1324947 _d1324947 |
||